TFT Set 11 - Légende des encres - Statistiques

Statistiques générales
  • Ce quiz a été pris 37 fois
  • Le résultat moyen est 41 sur 87
Statistiques - réponses
% Correct
Nautilus
76%
Neeko
76%
Garen
71%
Caitlyn
65%
Ahri
65%
Kindred
65%
Sett
65%
Yasuo
65%
Yone
65%
Darius
59%
Galio
59%
Kog'Maw
59%
Shen
59%
Sivir
59%
Volibear
59%
Wukong
59%
Aatrox
53%
Annie
53%
Aphelios
53%
Bagarreur
53%
Bard
53%
Cho'Gath
53%
Divin
53%
Gnar
53%
Hwei
53%
Kai'Sa
53%
Kayn
53%
Kha'Zix
53%
Kobuko
53%
Malphite
53%
Morgana
53%
Ombre
53%
Ornn
53%
Syndra
53%
Udyr
53%
Zyra
53%
Alune
47%
Azir
47%
Diana
47%
Dryade
47%
Fantôme
47%
Faucheur
47%
Illaoi
47%
Jax
47%
Lee Sin
47%
Lillia
47%
Lux
47%
Mythificateur
47%
Rakan
47%
Riven
47%
Senna
47%
Sniper
47%
Sylas
47%
Teemo
47%
Thresh
47%
Xayah
47%
Yorick
47%
Amumu
41%
Ashe
41%
Béhémoth
41%
Fortune
41%
Guerrier d'encre
41%
Irelia
41%
Janna
41%
Mythique
41%
Rek'Sai
41%
Tahm Kench
41%
Tristana
41%
Zoe
41%
Arcaniste
35%
Duelliste
35%
Lissandra
35%
Porcelaine
35%
Prédestiné
35%
Qiyana
35%
Rempart
35%
Sage
35%
Soraka
35%
Altruiste
29%
Seigneur draconique
29%
Tireur
29%
Artiste
18%
Exalté
18%
Incantateur
18%
Prodige
18%
Amants
12%
Gardien des esprits
12%
Aucun quiz correspondant
Distribution des résultats
% des personnes avec chaque résultat
Percentile par nombre de réponses
Votre historique - résultats
Vous n’avez pas pris ce quiz